[Event "Novokuznetsk Old Stager op"]
[Site "Novokuznetsk"]
[Date "2015.02.14"]
[Round "8"]
[White "Makarov, Vladimir Ivan"]
[Black "Morozov, Vasiliy"]
[Result "1-0"]
[WhiteElo "2076"]
[BlackElo "2026"]
[PlyCount "121"]
[EventDate "2015.01.10"]
[EventType "swiss"]
[EventRounds "9"]
[EventCountry "RUS"]
[SourceTitle "EXT 2018"]
[Source "ChessBase"]
[SourceDate "2017.10.13"]
[SourceVersion "1"]
[SourceVersionDate "2017.10.13"]
[SourceQuality "1"]

1. Nf3 Nf6 2. b3 c5 3. Bb2 e6 4. e3 Be7 5. d4 b6 6. Nbd2 Bb7 7. Bd3 d6 8. c4 0-0 9. Qc2 Nbd7 10. 0-0 Rc8 11. Rad1 h6 12. e4 cxd4 13. Nxd4 Nc5 14. Rfe1 Qc7 15. Bf1 a6 16. Qb1 Rfe8 17. b4 Ncd7 18. Rc1 Qb8 19. g3 Qa8 20. a3 Rc7 21. Bh3 Bf8 22. f4 e5 23. fxe5 Nxe5 24. Bf1 g6 25. N4b3 h5 26. Bg2 Bh6 27. h3 Nfd7 28. Rcd1 b5 29. Bxe5 Nxe5 30. c5 d5 31. exd5 Bxd5 32. Ne4 Bxe4 33. Bxe4 Qc8 34. Bg2 Nc4 35. Bd5 Kg7 36. Kh2 Rce7 37. Bxc4 bxc4 38. Nd4 h4 39. Rxe7 hxg3+ 40. Kg2 Rxe7 41. Re1 Rxe1 42. Qxe1 Bf4 43. Qe4 Bc7 44. Nf3 Qe6 45. Qxe6 fxe6 46. a4 Kf6 47. b5 c3 48. Ne1 axb5 49. axb5 Ke7 50. b6 Be5 51. Nc2 Kd7 52. Nb4 c2 53. c6+ Kc8 54. Nxc2 g5 55. Nb4 Bd6 56. Na6 e5 57. b7+ Kd8 58. Kxg3 e4+ 59. Kf2 Bf4 60. Ke2 e3 61. Kd3 1-0

[Event "Novokuznetsk Old Stager op"]
[Site "Novokuznetsk"]
[Date "2015.01.24"]
[Round "4"]
[White "Morozov, Vasiliy"]
[Black "Bogachev, Alexandr"]
[Result "0-1"]
[WhiteElo "2026"]
[BlackElo "2093"]
[PlyCount "72"]
[EventDate "2015.01.10"]
[EventType "swiss"]
[EventRounds "9"]
[EventCountry "RUS"]
[SourceTitle "EXT 2018"]
[Source "ChessBase"]
[SourceDate "2017.10.13"]
[SourceVersion "1"]
[SourceVersionDate "2017.10.13"]
[SourceQuality "1"]

1. Nf3 d5 2. c4 e6 3. b3 c6 4. Bb2 Nd7 5. e3 f5 6. Be2 Nh6 7. Qc2 a6 8. d3 Bb4+ 9. Nbd2 0-0 10. a3 Bd6 11. h4 Nf7 12. d4 Qe7 13. b4 a5 14. c5 Bc7 15. Bd3 axb4 16. axb4 Rxa1+ 17. Bxa1 Qf6 18. Bc3 Qh6 19. Rh3 g6 20. Qb2 Re8 21. Ne5 Ndxe5 22. dxe5 f4 23. e4 Bd7 24. Nf3 Qg7 25. Kf1 Ra8 26. g3 fxg3 27. Rxg3 Rf8 28. Rg2 Qh6 29. Bd2 Qh5 30. Be2 Bxe5 31. Nxe5 Qxe5 32. Bc3 Qxe4 33. h5 d4 34. Be1 d3 35. hxg6 hxg6 36. Bh5 Ne5 0-1

[Event "Novokuznetsk-ch"]
[Site "Novokuznetsk"]
[Date "2014.11.29"]
[Round "4"]
[White "Morozov, Vasiliy"]
[Black "Maksichko, Vasily"]
[Result "1-0"]
[WhiteElo "2047"]
[BlackElo "1805"]
[PlyCount "53"]
[EventDate "2014.11.16"]
[EventType "swiss"]
[EventRounds "9"]
[EventCountry "RUS"]
[SourceTitle "EXT 2016"]
[Source "ChessBase"]
[SourceDate "2015.10.08"]
[SourceVersion "1"]
[SourceVersionDate "2015.10.08"]
[SourceQuality "1"]

1. Nf3 Nf6 2. c4 e6 3. b3 b6 4. g3 Bb7 5. Bg2 Be7 6. 0-0 0-0 7. Bb2 d6 8. d4 Nbd7 9. Nc3 c5 10. e3 Qc7 11. Rc1 a6 12. Qe2 Ne4 13. Rfd1 f5 14. Nd2 Ng5 15. d5 e5 16. f4 Nf7 17. e4 exf4 18. gxf4 Bf6 19. Re1 Rae8 20. Qd3 Nh6 21. Nf3 Bc8 22. Re2 fxe4 23. Rxe4 Qd8 24. Rce1 Rxe4 25. Qxe4 Rf7 26. Nd1 Re7 27. Bxf6 1-0

[Event "Novokuznetsk Kustov op"]
[Site "Novokuznetsk"]
[Date "2014.10.18"]
[Round "6"]
[White "Morozov, Vasiliy"]
[Black "Alimov, Alexander"]
[Result "1-0"]
[WhiteElo "2055"]
[BlackElo "1943"]
[PlyCount "61"]
[EventDate "2014.09.28"]
[EventType "swiss"]
[EventRounds "9"]
[EventCountry "RUS"]
[SourceTitle "EXT 2018"]
[Source "ChessBase"]
[SourceDate "2017.10.13"]
[SourceVersion "1"]
[SourceVersionDate "2017.10.13"]
[SourceQuality "1"]

1. Nf3 d5 2. g3 Bf5 3. Bg2 Nf6 4. 0-0 Nbd7 5. d4 e6 6. Bf4 Nh5 7. Bg5 f6 8. Bd2 Bd6 9. Nh4 Bg6 10. Nxg6 hxg6 11. e4 c6 12. exd5 exd5 13. Re1+ Kf7 14. Nc3 Qc7 15. Qg4 f5 16. Qf3 Nhf6 17. Rad1 Ne4 18. Nxe4 dxe4 19. Rxe4 Qb6 20. Bc1 Rae8 21. Rxe8 Rxe8 22. Bf1 Re4 23. Bc4+ Kf8 24. Qd3 Nf6 25. Kg2 Nd5 26. f3 Re7 27. Bg5 Re8 28. Bb3 Qc7 29. c4 Nf6 30. Bxf6 gxf6 31. c5 1-0

[Event "Novokuznetsk-ch"]
[Site "Novokuznetsk"]
[Date "2013.11.24"]
[Round "3"]
[White "Bureev, Danila"]
[Black "Morozov, Vasiliy"]
[Result "1-0"]
[WhiteElo "2002"]
[BlackElo "2061"]
[PlyCount "53"]
[EventDate "2013.11.17"]
[EventType "swiss"]
[EventRounds "9"]
[EventCountry "RUS"]
[SourceTitle "EXT 2015"]
[Source "ChessBase"]
[SourceDate "2014.11.20"]
[SourceVersion "1"]
[SourceVersionDate "2014.11.20"]
[SourceQuality "1"]

1. d4 Nf6 2. Nf3 g6 3. Nbd2 d6 4. e4 Bg7 5. Bd3 0-0 6. b4 b6 7. Bb2 Nbd7 8. b5 Bb7 9. 0-0 e6 10. a4 Re8 11. a5 bxa5 12. Rxa5 c6 13. Qa1 cxb5 14. e5 Nh5 15. Bxb5 dxe5 16. dxe5 Bxf3 17. Nxf3 Qc7 18. Nd4 Reb8 19. Bc6 Nxe5 20. Bxa8 Qc8 21. Nxe6 fxe6 22. Bxe5 Qxc2 23. Rc1 Qd2 24. Rd1 Qe2 25. Bxg7 Nxg7 26. Rd7 Nh5 27. Rxh5 1-0

[Event "Novokuznetsk-ch"]
[Site "Novokuznetsk"]
[Date "2013.11.23"]
[Round "2"]
[White "Morozov, Vasiliy"]
[Black "Kheyfets, Nataliya"]
[Result "1-0"]
[WhiteElo "2061"]
[BlackElo "1848"]
[PlyCount "65"]
[EventDate "2013.11.17"]
[EventType "swiss"]
[EventRounds "9"]
[EventCountry "RUS"]
[SourceTitle "EXT 2015"]
[Source "ChessBase"]
[SourceDate "2014.11.20"]
[SourceVersion "1"]
[SourceVersionDate "2014.11.20"]
[SourceQuality "1"]

1. Nf3 d5 2. c4 c6 3. b3 Bg4 4. e3 e5 5. Be2 Bd6 6. Bb2 Nd7 7. d3 f5 8. Nbd2 Ngf6 9. h3 Bh5 10. Nh4 Bxe2 11. Qxe2 g6 12. 0-0-0 Qa5 13. Kb1 0-0-0 14. g4 fxg4 15. hxg4 Ba3 16. Ba1 Rhf8 17. g5 Nh5 18. Nhf3 Rde8 19. Ne1 Rf5 20. Rg1 Qd8 21. cxd5 cxd5 22. Nef3 e4 23. dxe4 dxe4 24. Nd4 Rxg5 25. Rxg5 Qxg5 26. Nb5 Bc5 27. Qc4 Nb6 28. Nd6+ Kb8 29. Qf7 Re7 30. Qf8+ Kc7 31. Nb5+ Kc6 32. Nxa7+ Kc7 33. Nf3 1-0

[Event "Sibiria Region-ch Seniors"]
[Site "Prokopevsk"]
[Date "2012.03.20"]
[Round "9"]
[White "Morozov, Vasiliy"]
[Black "Sambursky, Vladimir"]
[Result "0-1"]
[WhiteElo "2018"]
[BlackElo "2285"]
[PlyCount "62"]
[EventDate "2012.03.12"]
[EventType "swiss"]
[EventRounds "9"]
[EventCountry "RUS"]
[SourceTitle "EXT 2013"]
[Source "ChessBase"]
[SourceDate "2012.11.22"]
[SourceVersion "1"]
[SourceVersionDate "2012.11.22"]
[SourceQuality "1"]

1. Nf3 d5 2. c4 d4 3. b4 c5 4. bxc5 Nc6 5. Ba3 e5 6. e3 Nf6 7. d3 dxe3 8. fxe3 Bxc5 9. Qd2 Bxa3 10. Nxa3 0-0 11. Nc2 Qe7 12. e4 Rd8 13. Qc3 Bg4 14. Be2 Bxf3 15. Bxf3 Qc5 16. Rb1 a6 17. a4 Rd7 18. Ke2 Rad8 19. Rhd1 h5 20. Rb3 Ng4 21. Bxg4 hxg4 22. Qd2 Qe7 23. Qe1 f5 24. exf5 e4 25. Kf1 Qe5 26. Kg1 Qxf5 27. d4 Nxd4 28. Nxd4 Rxd4 29. Rxd4 Rxd4 30. Rxb7 Qc5 31. Rb8+ Rd8+ 0-1

[Event "Sibiria Region-ch Seniors"]
[Site "Prokopevsk"]
[Date "2012.03.18"]
[Round "7"]
[White "Morozov, Vasiliy"]
[Black "Khorganov, Vladimir"]
[Result "1-0"]
[WhiteElo "2018"]
[BlackElo "2092"]
[PlyCount "127"]
[EventDate "2012.03.12"]
[EventType "swiss"]
[EventRounds "9"]
[EventCountry "RUS"]
[SourceTitle "EXT 2013"]
[Source "ChessBase"]
[SourceDate "2012.11.22"]
[SourceVersion "1"]
[SourceVersionDate "2012.11.22"]
[SourceQuality "1"]

1. Nf3 Nf6 2. c4 g6 3. b4 Bg7 4. Bb2 0-0 5. g3 b6 6. Bg2 Bb7 7. 0-0 d6 8. Qc2 Nbd7 9. d4 Re8 10. Nc3 a5 11. a3 h6 12. e4 e5 13. dxe5 dxe5 14. Rab1 Qe7 15. Bc1 axb4 16. axb4 Ba6 17. Nd2 Kh7 18. Re1 Bb7 19. f4 exf4 20. gxf4 Nh5 21. Nf3 c6 22. e5 Bc8 23. Ne4 Nf8 24. Nd6 Bg4 25. Nxe8 Rxe8 26. Qf2 Ne6 27. Nd4 c5 28. Nxe6 Bxe6 29. bxc5 bxc5 30. Bd5 Qf8 31. Be3 Rc8 32. Rb5 g5 33. fxg5 Bxd5 34. cxd5 Qe8 35. Rxc5 Rxc5 36. Bxc5 hxg5 37. Qf5+ Kh6 38. e6 Nf4 39. Be3 fxe6 40. dxe6 Qxe6 41. Qxe6+ Nxe6 42. Kf2 Kh5 43. Rg1 Bf6 44. Kg2 Ng7 45. Bf2 Ne6 46. Rb1 Nf4+ 47. Kf3 Nd3 48. Bg3 Nb2 49. h3 Nc4 50. Rb5 Nd2+ 51. Kg2 Kg6 52. Be1 Nc4 53. Kf3 Ne5+ 54. Ke4 Nf7 55. Rb6 Kg7 56. Bd2 Bd8 57. Ra6 Bf6 58. Bc1 Nh6 59. h4 Nf7 60. h5 Be7 61. Bb2+ Kh7 62. Ra7 Nd6+ 63. Kd5 Nc8 64. Rc7 1-0

[Event "Sibiria Region-ch Seniors"]
[Site "Prokopevsk"]
[Date "2012.03.15"]
[Round "4"]
[White "Popov, Vladimir"]
[Black "Morozov, Vasiliy"]
[Result "1/2-1/2"]
[WhiteElo "2189"]
[BlackElo "2018"]
[PlyCount "40"]
[EventDate "2012.03.12"]
[EventType "swiss"]
[EventRounds "9"]
[EventCountry "RUS"]
[SourceTitle "EXT 2013"]
[Source "ChessBase"]
[SourceDate "2012.11.22"]
[SourceVersion "1"]
[SourceVersionDate "2012.11.22"]
[SourceQuality "1"]

1. c4 c5 2. Nc3 b6 3. Nf3 Bb7 4. g3 Nf6 5. Bg2 e6 6. 0-0 a6 7. d4 cxd4 8. Qxd4 d6 9. b3 Be7 10. Bb2 0-0 11. e4 Nc6 12. Qd2 Qc7 13. Rac1 Rad8 14. Rfd1 Rfe8 15. Qe2 Qb8 16. a4 Ba8 17. e5 Nd7 18. exd6 Bxd6 19. Ng5 h6 20. Nf3 f6 1/2-1/2

[Event "Novokuznetsk-ch op"]
[Site "Novokuznetsk"]
[Date "2010.11.27"]
[Round "4"]
[White "Golovina, Darya"]
[Black "Morozov, Vasiliy"]
[Result "1-0"]
[WhiteElo "1963"]
[BlackElo "2052"]
[PlyCount "69"]
[EventDate "2010.11.14"]
[EventType "swiss"]
[EventRounds "9"]
[EventCountry "RUS"]
[SourceTitle "EXT 2022"]
[Source "ChessBase"]
[SourceDate "2021.10.06"]
[SourceVersion "1"]
[SourceVersionDate "2021.10.06"]
[SourceQuality "1"]

1. e4 e6 2. d4 d5 3. exd5 exd5 4. Bd3 Nf6 5. h3 Be7 6. Be3 b6 7. Nf3 Bb7 8. c3 Nbd7 9. Nbd2 Ne4 10. Qc2 f5 11. 0-0-0 c5 12. Bb5 0-0 13. Nxe4 fxe4 14. Ne5 Nxe5 15. dxe5 a6 16. Be2 b5 17. f4 b4 18. Bc4 Kh8 19. Bxd5 Bxd5 20. c4 Qa5 21. cxd5 Qxa2 22. d6 Bd8 23. Qxe4 Ba5 24. e6 b3 25. Bd2 Bxd2+ 26. Rxd2 Qa1+ 27. Qb1 Qa4 28. f5 g6 29. g4 Rfd8 30. e7 Rd7 31. Re1 Re8 32. fxg6 hxg6 33. Qxg6 Qa1+ 34. Qb1 Qa5 35. Re5 1-0

[Event "Novokuznetsk-ch op"]
[Site "Novokuznetsk"]
[Date "2010.11.14"]
[Round "1"]
[White "Morozov, Vasiliy"]
[Black "Prilepina, Tatyana"]
[Result "1-0"]
[WhiteElo "2052"]
[BlackElo "1772"]
[PlyCount "81"]
[EventDate "2010.11.14"]
[EventType "swiss"]
[EventRounds "9"]
[EventCountry "RUS"]
[SourceTitle "EXT 2022"]
[Source "ChessBase"]
[SourceDate "2021.10.06"]
[SourceVersion "1"]
[SourceVersionDate "2021.10.06"]
[SourceQuality "1"]

1. Nf3 d5 2. c4 Nf6 3. g3 c6 4. b3 Bf5 5. Bg2 Nbd7 6. Nc3 e6 7. 0-0 Bd6 8. d3 0-0 9. Nh4 Bg4 10. h3 Bh5 11. f4 Qc7 12. d4 b6 13. Nf3 Bg6 14. Nd2 Nh5 15. Qe1 f5 16. Nf3 Ndf6 17. Ne5 Ne4 18. Bxe4 fxe4 19. Nxg6 hxg6 20. e3 g5 21. g4 gxf4 22. gxh5 f3 23. Qh4 Rf6 24. Nd1 Bg3 25. Qg4 Kf7 26. Bd2 Rh8 27. cxd5 exd5 28. Be1 Bh2+ 29. Kh1 Rfh6 30. Qf5+ Kg8 31. Nf2 Rxh5 32. Qe6+ Kh7 33. Nxe4 dxe4 34. Qxe4+ Kg8 35. Rxf3 R5h6 36. Qg4 Bd6 37. Bf2 Be7 38. Rg1 Bh4 39. Bxh4 Rxh4 40. Qe6+ Kh7 41. Rf7 1-0

[Event "Novokuznetsk Summer op"]
[Site "Novokuznetsk"]
[Date "2010.06.25"]
[Round "11"]
[White "Shukan, Alexander"]
[Black "Morozov, Vasiliy"]
[Result "0-1"]
[WhiteElo "2232"]
[BlackElo "2034"]
[PlyCount "112"]
[EventDate "2010.06.15"]
[EventType "swiss"]
[EventRounds "11"]
[EventCountry "RUS"]
[SourceTitle "EXT 2011"]
[Source "ChessBase"]
[SourceDate "2010.11.26"]
[SourceVersion "1"]
[SourceVersionDate "2010.11.26"]
[SourceQuality "1"]

1. e4 e6 2. d3 d5 3. Nd2 Nf6 4. Ngf3 c5 5. g3 b6 6. Bg2 Bb7 7. e5 Nfd7 8. 0-0 Nc6 9. Re1 Qc7 10. Qe2 a5 11. h4 g6 12. Nf1 h6 13. c3 Ba6 14. Bf4 Bg7 15. Ne3 Ne7 16. c4 Bb7 17. cxd5 Nxd5 18. Nc4 Nxf4 19. gxf4 Bf8 20. a4 Be7 21. Nfd2 0-0-0 22. Bxb7+ Kxb7 23. Ne4 Nb8 24. Ned6+ Rxd6 25. exd6 Bxd6 26. Nxd6+ Qxd6 27. Qe5 Qd8 28. Qg7 Qf8 29. Qxf8 Rxf8 30. h5 gxh5 31. Re5 Rg8+ 32. Kh2 Rg4 33. f5 Nc6 34. Re4 exf5 35. Rxg4 hxg4 36. Kg3 Ne5 37. Rd1 Kc6 38. Kf4 Kd5 39. Kxf5 Kd4 40. Kf6 Nxd3 41. Kf5 c4 42. Kxg4 c3 43. bxc3+ Kxc3 44. Rb1 Nb2 45. Rc1+ Kb3 46. Rb1 Kc2 47. Ra1 Kb3 48. Rb1 Ka2 49. Rh1 Nxa4 50. Rxh6 Kb3 51. Rh3+ Nc3 52. Rf3 a4 53. Rxf7 a3 54. Ra7 Na4 55. f4 a2 56. f5 a1Q 0-1

[Event "Novokuznetsk Summer op"]
[Site "Novokuznetsk"]
[Date "2010.06.24"]
[Round "10"]
[White "Morozov, Vasiliy"]
[Black "Siuniakov, Igor"]
[Result "0-1"]
[WhiteElo "2034"]
[BlackElo "2297"]
[PlyCount "154"]
[EventDate "2010.06.15"]
[EventType "swiss"]
[EventRounds "11"]
[EventCountry "RUS"]
[SourceTitle "EXT 2011"]
[Source "ChessBase"]
[SourceDate "2010.11.26"]
[SourceVersion "1"]
[SourceVersionDate "2010.11.26"]
[SourceQuality "1"]

1. Nf3 Nf6 2. c4 g6 3. b4 Bg7 4. Bb2 0-0 5. g3 d6 6. Bg2 e5 7. d3 Re8 8. 0-0 Nbd7 9. Nc3 c6 10. Qb3 Nf8 11. a4 d5 12. a5 Ne6 13. e3 e4 14. dxe4 dxe4 15. Rfd1 Qc7 16. Nd4 Ng5 17. Ra2 Nh3+ 18. Kf1 Qe5 19. Bc1 Qh5 20. Rdd2 Bd7 21. Qc2 Re5 22. Nxe4 Nxe4 23. Bxe4 Ng5 24. Bg2 Qxh2 25. Nf3 Nxf3 26. Bxf3 Bh3+ 27. Ke2 Rxe3+ 28. Kxe3 Re8+ 29. Be4 f5 30. Rd4 Bxd4+ 31. Kxd4 Rxe4+ 32. Kc3 Qh1 33. Be3 Bf1 34. Qd2 Rxc4+ 35. Kb3 Qe4 36. Qd8+ Kf7 37. Bc5 Rxc5 38. bxc5 Bc4+ 39. Kb2 Qe2+ 40. Kc3 Bxa2 41. Qd4 Qe1+ 42. Kc2 Qb1+ 43. Kd2 Bd5 44. Qh8 Qb4+ 45. Ke2 Bc4+ 46. Kf3 Qa3+ 47. Kg2 Bd5+ 48. Kh2 Qxc5 49. Qxh7+ Ke8 50. Qxb7 Qxa5 51. Qg7 Bf7 52. Qh8+ Ke7 53. Qh4+ Ke6 54. Qc4+ Qd5 55. Qc1 Qe4 56. Qa1 a5 57. Kg1 a4 58. Qa2+ Ke7 59. Qa3+ Ke8 60. Qd6 g5 61. Qb8+ Ke7 62. Qc7+ Kf6 63. Qd8+ Kg6 64. Qd6+ Be6 65. f3 Qe3+ 66. Kg2 Qe2+ 67. Kg1 Qe3+ 68. Kg2 g4 69. f4 Qf3+ 70. Kh2 Qf2+ 71. Kh1 Qf1+ 72. Kh2 Qh3+ 73. Kg1 Qxg3+ 74. Kh1 Qf3+ 75. Kg1 Qe3+ 76. Kh2 Kh5 77. Qb8 Qf2+ 0-1